Transfer of Technology and Economic Development (Record no. 93223)
[ view plain ]
| 000 -LEADER | |
|---|---|
| fixed length control field | 00549nam a2200193Ia 4500 |
| 005 - DATE AND TIME OF LATEST TRANSACTION | |
| control field | 20230328105005.0 |
| 008 - FIXED-LENGTH DATA ELEMENTS--GENERAL INFORMATION | |
| fixed length control field | 230125s9999 xx 000 0 und d |
| 041 ## - LANGUAGE CODE | |
| Language code of text/sound track or separate title | eng |
| 082 ## - DEWEY DECIMAL CLASSIFICATION NUMBER | |
| Classification number | 330 |
| Item number | IND |
| 100 ## - MAIN ENTRY--PERSONAL NAME | |
| Author | Indumati |
| 245 ## - TITLE STATEMENT | |
| Title | Transfer of Technology and Economic Development |
| Remainder of title | With Particular Reference to India |
| 260 ## - PUBLICATION, DISTRIBUTION, ETC. | |
| Date of publication, distribution, etc. | 1994 |
| Name of publisher, distributor, etc. | Southern Economist Pub. |
| Place of publication, distribution, etc. | Bangalore |
| 300 ## - PHYSICAL DESCRIPTION | |
| Extent | 150p |
| 500 ## - GENERAL NOTE | |
| Keywords | Economics<br/> |
| 651 ## - SUBJECT ADDED ENTRY--GEOGRAPHIC NAME | |
| Geographic name | Economics |
| 700 ## - ADDED ENTRY--PERSONAL NAME | |
| Personal name | Indumati |
| 942 ## - ADDED ENTRY ELEMENTS (KOHA) | |
| Koha item type | Books |
| Withdrawn status | Lost status | Damaged status | Not for loan | Home library | Current library | Date acquired | Vendor | Net Price | Bill number | Full call number | Barcode | Date last seen | Actual Price | Bill Date | Koha item type | Original Barcode |
|---|---|---|---|---|---|---|---|---|---|---|---|---|---|---|---|---|
| Withdrawn 2022-23 | Smt. Hiraben Nanavati Institute of Management & Research for Women | Smt. Hiraben Nanavati Institute of Management & Research for Women | 06/01/2015 | Satya Gilani | 75.00 | Dec304/14-15 | 330 IND B13057 | HIMR-BK-13057 | 25/01/2023 | 75.00 | 23/12/2014 | Books | B13057 |